000 01641nam a22002777a 4500
999 _c23235
_d23235
003 NUST - PNEC
005 20170606104815.0
008 150818b xxu||||| |||| 00| 0 eng d
020 _a9788177588743
020 _a8129701790
040 _cRCMS
_aDLC
_bDLC
082 _a620.3 RAO
100 _95248
_aSingiresu S. Rao
245 _aMechanical vibrations
_cSingiresu S. Rao
250 _a4th ed.
260 _cc.2004
300 _a5248,p:
_bill:
_c30,cm.
538 _iShelf # 10, Row # 2, Mechanical & Aerospace.
650 _95249
_aVibration
_xME
856 _3Table of Content Only
942 _2ddc
_cBK